|
|
|
|
| LEADER |
00000nam0a2200000 4500 |
| 001 |
14934 |
| 005 |
20231030185930.0 |
| 010 |
|
|
|a 5830100460
|
| 035 |
|
|
|a (RuTPU)RU\TPU\book\15035
|
| 035 |
|
|
|a BOOK00015104
|
| 090 |
|
|
|a 14934
|
| 100 |
|
|
|a 20011209d1999 m y0rusy50 ca
|
| 101 |
1 |
|
|a rus
|c spa
|
| 102 |
|
|
|a RU
|
| 105 |
|
|
|a y z 000ay
|
| 200 |
1 |
|
|a Литума в Андах
|e Роман
|e пер. с исп.
|f Л. М. Варгас
|
| 210 |
|
|
|a СПб.
|c Амфора
|d 1999
|
| 215 |
|
|
|a 351 с.
|
| 225 |
1 |
|
|a Новый век
|
| 610 |
1 |
|
|a романы
|
| 675 |
|
|
|a 86
|v 3
|
| 700 |
|
1 |
|a Варгас
|b Л. М.
|g Льоса Марио
|
| 801 |
|
0 |
|a RU
|b 63413507
|c 20011209
|g PSBO
|
| 801 |
|
2 |
|a RU
|b 63413507
|c 20080215
|g PSBO
|
| 942 |
|
|
|c BK
|